Intercommunalités de la Guadeloupe - Statistiques

Statistiques générales
  • Ce quiz a été pris 36 fois
  • Le résultat moyen est 4 sur 6
Statistiques - réponses
Nombres de Communes Intercommunalités % Correct
03 Communauté d'agglomération Cap Excellence
88%
11 Communauté d'agglomération Grand Sud Caraïbe
84%
03 Communauté de communes de Marie-Galante
66%
04 Communauté d'agglomération La Riviéra du Levant
59%
06 Communauté d'agglomération du Nord Basse-Terre
34%
05 Communauté d'agglomération du Nord Grande-Terre
28%
Aucun quiz correspondant
Distribution des résultats
% des personnes avec chaque résultat
Percentile par nombre de réponses
Votre historique - résultats
Vous n’avez pas pris ce quiz